000 01336cam a2200349 a 4500
001 6021
003 FISKH
005 20250221111316.0
008 090327s2010 nyub c 000 1 eng
010 _a 2009012125
020 _a9780525421443 (hardcover)
020 _a9780545315173
040 _aDLC
_cDLC
_dDLC
_beng
050 _aPZ7.C12878 D
082 _a813.54
100 1 _aCalkhoven, Laurie
_d(1959-)
245 1 0 _aDaniel at the Siege of Boston, 1776 /
_cLaurie Calkhoven.
250 _aThis edition first published in 2010
260 _aNew York :
_bScholastic,
_c2010.
300 _a195 pages :
_c20 cm
490 0 _aBoys of wartime
505 _aR
520 _aIn 1776 Boston, twelve-year-old Daniel Prescott enjoys assuming his father's role in taking care of his mother and sister, as well as his work as a spy and messenger for the American revolutionaries, but the pleasure ends when he witnesses the horrors of war firsthand, and learns that a trusted patriot is actually a British spy. Includes historical notes, timeline, and glossary.
521 8 _a710
_bLexile
521 8 _aR
_bRaz-Plus
650 1 _aSpies
_vFiction.
650 1 _aPatriotism
_vFiction.
650 1 _aFamily life
_vFiction.
906 _a7
_bcbc
_corignew
_d1
_eecip
_f20
_gy-gencatlg
942 _2ddc
_cBK
_n0
999 _c6021
_d6021